banner koha

Economic impact of Huanglongbing on orange production (Registro n. 339526)

MARC details
000 -LÍDER
fixed length control field 04047nab a2200349 i 4500
003 - CÓDIGO MARC DA AGÊNCIA CATALOGADORA
Campo de controle BR-BrBNA
005 - DATA E HORA DA ÚLTIMA ATUALIZAÇÃO
Campo de controle 20251220193417.0
008 - CAMPO DE TAMANHO FIXO
fixed length control field 251220b2021 bl.|r|pooa||| 00| 0 eng |
040 ## - FONTE DA CATALOGAÇÃO
Agência catalogadora BR-BrBNA
Idioma da catalogação eng
072 ## - CATEGORIA AGRIS
Código AGRIS H20
Código do objeto 1060
072 ## - CATEGORIA AGRIS
Código AGRIS H01
072 ## - CATEGORIA AGRIS
Código AGRIS E16
100 ## - ENTRADA PRINCIPAL - NOME PESSOAL
Nome pessoal Costa, Gustavo Vaz da
100 ## - ENTRADA PRINCIPAL - NOME PESSOAL
Nome pessoal Neves, Carmen Silvia Vieira Janeiro
100 ## - ENTRADA PRINCIPAL - NOME PESSOAL
Nome pessoal Bassanezi, Renato Beozzo
100 ## - ENTRADA PRINCIPAL - NOME PESSOAL
Nome pessoal Leite Junior, Rui Pereira
100 ## - ENTRADA PRINCIPAL - NOME PESSOAL
Nome pessoal Telles, Tiago Santos
245 ## - TÍTULO PRINCIPAL
Título principal Economic impact of Huanglongbing on orange production
500 ## - NOTA GERAL
Nota geral <br/>Publicação online; 35 ref.; 4 tables; Summaries (En, Pt)
942 ## - ADDED ENTRY ELEMENTS (KOHA)
Koha item type Analítica
520 ## - NOTA DE RESUMO
Nota de conteúdo <br/><br/><br/>Abstract - Huanglongbing (HLB) is considered one of the main citrus diseases; it spreads quickly through orchards, reducing the production and quality of the fruit of affected plants, and causes significant economic losses. In this context, the aim of this study was to estimate the incidence and economic impact of the losses generated by HLB in the micro-region of Paranavaí, in the state of Paraná, Brazil. We used data from the Paraná Agribusiness Defense Agency, which conducts surveys of host plants of the causal agent of HLB. The production sacrificed by HLB was estimated considering the following scenarios: (i) losses occurring from January 2011 to June 2013; and (ii) losses related to the potential production of the citrus plant over its useful life. Although the annual incidence of HLB in the Paranavaí region is currently below 2.5%, there was a 6-fold increase in the incidence of the disease, from 0.16% to 0.96%, in the period considered. Orchards that had lesser than 10,000 plants showed a higher incidence of the disease. The losses produced by HLB generated estimated economic impacts of US$11.8 million and US$39.2 million for the first and second scenarios, respectively. These results highlight the importance of the prevention and management of this disease.<br/><br/><br/><br/>Index terms: citrus; HLB; greening; production sacrificed; economic valuation.
520 ## - NOTA DE RESUMO
Nota de conteúdo <br/><br/><br/>Resumo - O Huanglongbing (HLB) é considerado uma das principais doenças da citricultura, disseminando-se rapidamente pelos pomares, reduzindo a produção e a qualidade das frutas das plantas afetadas, com perdas econômicas significativas. Neste contexto, com este estudo, objetivouse estimar a incidência e o impacto econômico das perdas geradas pelo HLB na microrregião de Paranavaí, no Estado do Paraná. Foram utilizados dados do relatório de vistorias de plantas hospedeiras do agente causal do HLB, da Agência de Defesa Agropecuária do Paraná. Foi aplicada a metodologia da produção sacrificada, considerando os seguintes cenários: (i) perdas que ocorrem no período de janeiro de 2011 a junho de 2013; e (ii) perdas em função do potencial de produção da planta de citros ao longo de sua vida útil. Embora a incidência anual de HLB, na região de Paranavaí, esteja abaixo de 2,5%, houve aumento de 6 vezes na incidência da doença, que passou de 0,16% para 0,96%, no período. Pomares com menos de 10 mil plantas apresentaram maior incidência da doença. As perdas ocasionadas pelo HLB geraram impacto econômico estimado em US$ 11,8 milhões, para o primeiro cenário, e em US$ 39,2 milhões, para o segundo cenário. Estes resultados evidenciam a importância da prevenção e do manejo da doença.<br/><br/><br/><br/>Termos para indexação: citricultura; HLB; greening; produção sacrificada; valoração econômica
650 ## - ASSUNTO - THESAGRO
Cabeçalho tópico ou nome geográfico LARANJA
650 ## - ASSUNTO - THESAGRO
Cabeçalho tópico ou nome geográfico CITRICULTURA
650 ## - ASSUNTO - THESAGRO
Cabeçalho tópico ou nome geográfico DOENÇA DE PLANTA
650 ## - ASSUNTO - THESAGRO
Cabeçalho tópico ou nome geográfico PERDA DA PRODUÇÃO
650 ## - ASSUNTO - THESAGRO
Cabeçalho tópico ou nome geográfico LEVANTAMENTO FITOSSANITÁRIO
650 ## - ASSUNTO - THESAGRO
Cabeçalho tópico ou nome geográfico IMPACTO ECONÔMICO
773 0# - ENTRADA ANALÍTICA
Host Biblionumber 805
Registro do item 317052
Imprenta Jaboticabal-SP Sociedade Brasileira de Fruticultura 1978
Outro identificador 2024-3614
Título Revista Brasileira de Fruticultura (Brazil)
ISSN 0100-2945
Colação v. 43(3) p. 1-10; (2021)
Número de controle de registro BR2025004790
856 ## - ACESSO E ENDEREÇO ELETRÔNICO
Identificador uniforme de recurso - URI https://www.scielo.br/j/rbf/a/9LzVjQrYQF7BvkYWnJw9sDy/?format=pdf&lang=en

Nenhum exemplar disponível.

BINAGRI

Telefone: (61)3218-2567/2388/3357/2097 - binagri@agro.gov.br

Ministério da Agricultura e Pecuária , Esplanada dos Ministérios, Bloco D, Anexo B, Brasília/DF, CEP: 70.043-900